| 000 | 00392nam a2200097Ia 4500 | ||
|---|---|---|---|
| 008 | 241105s9999 xx 000 0 und d | ||
| 041 | _aeng | ||
| 100 |
_aPatil Ruta _9184203 |
||
| 245 | _aReinvigorating The Interfaces Of Protected Area Through Landscape Policies And Interventions At Tungareshwar Wildlife Sanctuary Vasai-Virar, Mumbai | ||
| 260 |
_bBNCA M Arch Landscape Architecture, Pune _c2022 |
||
| 999 |
_c362045 _d362045 |
||